Länder, die Island am häufigsten besuchen - Statistiken

Allgemein
  • Dieses Quiz wurde 201 mal gespielt
  • Das Durchschnittsergebnis liegt bei 8 aus 10
Antwortstatistiken
Besucher (2017) Länder % Korrekt
155,183 Deutschland
99%
576,403 Vereinigte Staaten
99%
56,229 Schweden
95%
100,374 Frankreich
90%
103,026 Kanada
88%
53,240 Dänemark
85%
57,971 Spanien
82%
322,543 Vereinigtes Königreich
79%
86,003 China
77%
66,299 Polen
53%
Keine übereinstimmenden Quizze gefunden
Verteilung der Resultate
Anzahl Personen mit jedem Resultat
Perzentil nach korrekt beantworteten Fragen
Ihre Resultats-Entwicklung
Sie haben dieses Quiz noch nicht gespielt